banner-ar

PRIMARY PREVENTIVE DENTISTY / (Record no. 10934)

MARC details
000 -الفاتح
حقل البيانات ثابتة الطول 00496nam a2200181Ia 4500
008 - عناصر البيانات ثابتة الطول - معلومات عامة
حقل البيانات ثابتة الطول 140319s9999 xx 000 0 eng d
040 ## - مصدر الفهرسة
وكالة الفهرسة الأصلية GCL /
وكالة النسخ GCL
082 04 - رقم تصنيف ديوى العشرى
رقم التصنيف 617.601
رقم المادة H P
100 1# - المدخل الرئيسى - إسم شخصى
الإسم الشخصى HARRIS, NORMAN O
245 10 - بيان العنوان
العنوان PRIMARY PREVENTIVE DENTISTY /
بيان المسئوليه,etc HARRIS, NORMAN O
700 1# - المدخل الاضافى - اسم شخصى
الإسم الشخصى CHRISTEN, ARDEN G
260 ## - PUBLICATION, DISTRIBUTION, ETC. (IMPRINT)
تاريخ النشر أو التوزيع 1994
300 ## - الوصف المادى
التعداد 635
650 04 - المدخل الاضافى بالموضوع-مصطلح موضوعى
مصطلح موضوعي PREVENTIVE DENTISTRY
650 04 - المدخل الاضافى بالموضوع-مصطلح موضوعى
مصطلح موضوعي PREVENTIVE DENTISTRY EXAMINATION
942 ## - عناصر المدخل الإضافي( كوها)
مصدر التصنيف او مخطط الترفيف Dewey Decimal Classification
Koha [default] item type كتاب
260 ## - PUBLICATION, DISTRIBUTION, ETC. (IMPRINT)
-- [S.N] :
-- APPLETON & LANGE ،
Holdings
حالة التراجع حالة الفقد حالة تلف ليس للاعارة المكان المؤقت الموقع الحالى تاريخ الاكتساب اجمالي اﻻعارات رقم الطلب الباركود تاريخ اخر مشاهدة تاريخ تفعيل السعر نوع وعاء كوها
        مكتبة القاهرة الكبرى مكتبة القاهرة الكبرى 03/26/2014   617.601\H P 21875 03/26/2014 03/26/2014 كتاب

Powered By

EGPV